书目信息 |
| 题名: |
化学动力学
|
|
| 作者: | Nicholas , 尼古拉斯 著 ;吴树森 译 | |
| 分册: | ||
| 出版信息: | 北京 高等教育出版社 1987 |
|
| 页数: | 269页 | |
| 开本: | 20cm | |
| 丛书名: | ||
| 单 册: | ||
| 中图分类: | O643.1 | |
| 科图分类: | ||
| 主题词: | 反应动力学 | |
| 电子资源: | ||
| ISBN: | ||
| 000 | 00899nam0 2200289 45 | |
| 001 | 0187009364 | |
| 005 | 20060731094724.87 | |
| 010 | @dCNY1.95 | |
| 091 | @aCN@b13010.01245 | |
| 100 | @a19900808d1987 em y0chiy0121 ea | |
| 101 | 1 | @achi@ceng |
| 102 | @aCN@b110000 | |
| 105 | @ay z 000yy | |
| 200 | 10 | @a化学动力学@Ahua xue dong li xue@e气体反应的近代综述@f(英)尼古拉斯(Nicholas,J.)著@g吴树森译 |
| 210 | @a北京@c高等教育出版社@d1987 | |
| 215 | @a269页@d20cm | |
| 300 | @a书名原文: Chemical kinetics: A modern survey of gas reaction | |
| 510 | 1 | @aChemical kinetics@zeng |
| 517 | 1 | @a气体反应的近代综述@Aqi ti fan ying de jin dai zong shu |
| 606 | @a反应动力学 | |
| 690 | @aO643.1@v3 | |
| 701 | A1 | @aNicholas@bJ.@4著 |
| 701 | 1 | @a尼古拉斯@Ani gu la si@bJ.@4著 |
| 702 | 0 | @a吴树森@Awu shu sen@4译 |
| 801 | 2 | @aCN@bNLC@c20060731 |
| 801 | 0 | @aCN@bTSSF |
| 905 | @a10447@dO643.1@e45 | |
| 化学动力学:气体反应的近代综述/(英)尼古拉斯(Nicholas,J.)著/吴树森译.-北京:高等教育出版社,1987 |
| 269页;20cm |
| 书名原文: Chemical kinetics: A modern survey of gas reaction |
| ISBN :CNY1.95 |
| ● |
| 相关链接 |
|
|
|
|
正题名:化学动力学
索取号:O643.1/45
 
预约/预借
| 序号 | 登录号 | 条形码 | 馆藏地/架位号 | 状态 | 备注 |
| 1 | 0442983 | 204429831 | 密集书库/ [索取号:O643.1/45] | 在馆 | |
| 2 | 0442984 | 204429840 | 密集书库/ [索取号:O643.1/45] | 在馆 |